|
|
|
|
| LEADER |
01275cam a2200361 a 4500 |
| 001 |
nkc20091930907 |
| 003 |
CZ PrNK |
| 005 |
20090925163638.0 |
| 007 |
ta |
| 008 |
090623s2009 xr a g 000 f cze d |
| 015 |
|
|
|a cnb001930907
|
| 020 |
|
|
|a 978-80-904369-0-9
|q (váz.)
|
| 035 |
|
|
|a (OCoLC)436260876
|
| 040 |
|
|
|a ULG001
|b cze
|d KLG001
|d BOA001
|d OLA001
|
| 072 |
|
7 |
|a 821.162.3-3
|x Česká próza
|2 Konspekt
|9 25
|
| 080 |
|
|
|a 821.162.3-3
|2 MRF
|
| 080 |
|
|
|a (0:82-321.5)
|2 MRF
|
| 100 |
1 |
|
|a Pokorný, Vít,
|d 1965-
|7 xx0096724
|4 aut
|
| 245 |
1 |
0 |
|a Ahoj mami /
|c Vít Pokorný ; [ilustrace Gabriela Osvaldová]
|
| 250 |
|
|
|a 1. vyd.
|
| 260 |
|
|
|a Plzeň :
|b Plejáda,
|c 2009
|
| 300 |
|
|
|a 175 s. :
|b il. ;
|c 20 cm
|
| 655 |
|
7 |
|a české prózy
|7 fd133972
|2 czenas
|
| 655 |
|
7 |
|a humoristické prózy
|7 fd132429
|2 czenas
|
| 655 |
|
9 |
|a Czech prose
|2 eczenas
|
| 655 |
|
9 |
|a humorous prose
|2 eczenas
|
| 700 |
1 |
|
|a Osvaldová, Gabriela,
|d 1953-
|7 jn20000401911
|4 ill
|
| 856 |
4 |
1 |
|u http://www.digitalniknihovna.cz/mzk/uuid/uuid:fdc70ae0-5c2b-11e9-ace0-005056827e51
|y Digitalizovaný dokument
|x NDK
|
| 910 |
2 |
|
|a BOA001
|b 1-1227.151
|
| 990 |
|
|
|a BK
|
| 995 |
|
|
|a 01
|
| 991 |
|
|
|b 200907
|
| 996 |
6 |
|
|b 2610384258
|c 1-1227.151
|l MZK
|r Sklad / do 1 hodiny
|n 0
|p p.v.
|w 001090472
|u 000010
|a 1
|e BOA001
|j MZK50
|s P
|